000 00394pab a2200145 454500
008 180718b1985 xxu||||| |||| 00| 0 eng d
100 _aPuri, Balraj
245 _aMuslim personal law
_bQuestions of reform and uniformity be delinked
260 _c1985
300 _a987-91
362 _a8 June
650 _aMohammedan Law - India
773 _aEconomic and Political Weekly
909 _a13601
999 _c13601
_d13601